Historia genealógica de la Casa de Lara (Record no. 164420)

MARC details
000 -LEADER
campo de control de longitud fija 01373nam a2200277 i 4500
001 - NÚMERO DE CONTROL
campo de control 164420
003 - IDENTIFICADOR DE NÚMERO DE CONTROL
campo de control ES-MaACL
005 - FECHA Y HORA DE LA ÚLTIMA TRANSACCIÓN
campo de control 20250811063202.0
008 - DATOS DE LONGITUD FIJA--INFORMACIÓN GENERAL
campo de control de longitud fija 931025m16961697sp a |||| | spa d
100 1# - ENTRADA PRINCIPAL--NOMBRE DE PERSONA
Nombre de persona Salazar y Castro, Luis de,
Fechas asociadas al nombre 1658-1734
9 (RLIN) 101831
245 10 - MENCIÓN DEL TÍTULO
Título Historia genealógica de la Casa de Lara
Resto del título : justificada con instrumentos y escritores de inviolable fe /
Mención de responsabilidad, etc. por Don Luis de Salazar y Castro ... ; dividida en XX libros, tomo I [- III].
260 ## - PUBLICACIÓN, DISTRIBUCIÓN, ETC.
Lugar de publicación, distribución, etc. En Madrid :
Nombre del editor, distribuidor, etc. en la Imprenta Real, por Mateo de Llanos y Guzmán,
Fecha de publicación, distribución, etc. 1696-1697.
300 ## - DESCRIPCIÓN FÍSICA
Extensión 3 t. ([16], 713 [i.e. 711] p., [1] en bl. ; [2], 891 p., [1] en bl. ; 586 [i.e. 576] p.) :
Otras características físicas il. ;
Dimensiones Fol.
530 ## - NOTA DISPONIBLE DE FORMULARIO FÍSICO ADICIONAL
Nota de formato físico adicional disponible Disponible en formato digital.
596 ## - NOTA AL PIE DE IMPRENTA
NOTA AL PIE DE IMPRENTA Marca tipográfica en portadas.
597 ## - NOTA DE DESCRIPCIÓN FÍSICA
NOTA DE DESCRIPCIÓN FÍSICA Sign.: ¶8, A-Z8, Aa-Xx8, Yy4 ; [ ]¹, A-Z8, Aa-Zz8, Aaa-Iii8, Kkk6 ; A-Z8, Aa-Nn8.
597 ## - NOTA DE DESCRIPCIÓN FÍSICA
NOTA DE DESCRIPCIÓN FÍSICA Texto con apostillas marginales.
599 ## - NOTA A LAS ILUSTRACIONES
NOTA A LAS ILUSTRACIONES Las il., escudos heráldicos xilográficos al principio de cada capítulo.
600 34 - PUNTO DE ACCESO ADICIONAL DE MATERIA--NOMBRE DE PERSONA
Nombre de persona Lara (Familia)-
Subdivisión general Genealogía.
9 (RLIN) 169131
700 1# - ENTRADA AGREGADA--NOMBRE PERSONAL
Nombre de persona Llanos y Guzmán, Mateo de.
9 (RLIN) 128997
710 2# - ENTRADA AGREGADA--NOMBRE DE ENTIDAD CORPORATIVA
Nombre de entidad corporativa o nombre de jurisdicción como elemento de entrada Imprenta Real (Madrid)
9 (RLIN) 134468
752 ## - ENTRADA AGREGADA--NOMBRE JERÁRQUICO DEL LUGAR
País o entidad superior España -
Ciudad Madrid
852 ## - LOCALIZACIÓN
Ubicación ES-MaACL
Número de control de estantería R-2144-46
Nota libre - Enc. pasta
856 ## - LOCALIZACIÓN Y ACCESO ELECTRÓNICOS
Identificador Uniforme de Recursos <a href="http://bdh-rd.bne.es/viewer.vm?id=0000005057&page=1 ">http://bdh-rd.bne.es/viewer.vm?id=0000005057&page=1 </a>
Nota pública Biblioteca Digital Hispánica
Holdings
Estatus retirado Estado de pérdida Estado de daño No para préstamo Colección Biblioteca de origen Biblioteca actual Ubicación en estantería Fecha de adquisición Total de préstamos Signatura topográfica completa Código de barras Visto por última vez Precio de reemplazo Tipo de ítem Koha
        Colección digital Biblioteca del Ateneo de Madrid Biblioteca del Ateneo de Madrid Depósito 17/01/2008   R-2144-46 1172340 23/02/2023 23/02/2023 Libro impreso antiguo